Statistiche per Bandiere del Medio Oriente

Clicka qui per fare il quiz!

Statistiche generali

  • Questo quiz è stato fatto 2.973 volte
  • Il punteggio medio è 14 su 16

Statistiche sulle risposte

Risposta% Corretto
Israele
99%
Turchia
99%
Arabia Saudita
97%
Cipro
96%
Libano
95%
Egitto
94%
Iran
94%
Qatar
93%
Iraq
90%
Siria
87%
Emirati Arabi Uniti
79%
Yemen
78%
Bahrain
77%
Giordania
76%
Oman
75%
Kuwait
72%

Distribuzione punteggi

Percentile per numero di risposta

Percentuale di utenti per punteggio

I tuoi punteggi nel tempo

Non hai fatto questo quiz